000 00605nam a22001937a 4500
005 20140501152201.0
010 _aENG-109841
020 _a9789351480068
_c480.00
020 _a9351480062
_c480.00
035 _aEN-93374
037 _bDBAD/PUB
100 _aAlva,Reginald
245 0 0 _aThe sprirituality of the catholic charismaticrenewal movement /
_cby Reginald alva,SVD
260 _aNew Delhi
_bChristian World Imprints
_c2014
270 _aH-12, Bali Nagar
_bNew Delhi
_e110015
300 _aXIX,188p. :
_c22cm(Hb)
500 _aIncludes bibliographical references and index
942 _2ddc
_cEN
_mALV
999 _c83914
_d83914